000 00630nam a2200229Ia 4500
003 OSt
005 20221006164437.0
006 a|||||r|||| 00| 0
007 ta
008 221006b |||||||| |||| 00| 0 eng d
024 _a1,060
037 _cTextual
040 _aFML
_cFML
_beng
041 _2eng
_aeng
082 _aP32:4k, 152J9
100 _aIyer N E Vishwanatha Ed.
_9677500
245 0 _aMalayalam - Hindi Vyavharik Kosh
260 _aTrivendrum
_bUniversity College
_c1959
300 _a414
_ccm.
942 _hP32:4k, 152J9
_cTEXL
_2CC
999 _c1117286
_d1117286